00376nam a2200109Ia 4500008004100000041000800041100002900049245008900078260005400167700002600221999001900247241105s9999 xx 000 0 und d aeng aNagarkar Sneha. 9209003 aStudying The Impacts Of Simultaneous Use Of Bus And Metro On A Stretch Of Pune City. bBnca M Arch Environment Architecture., Punec2018 a Nawale Rahul9209004 c361679d361679